000 00715cam a2200205 i 4500
999 _c57402
_d57402
001 20646656
005 20221108162029.0
008 180827s2017 enka b 001 0 eng d
020 _a9781785611643 X
_q(hardback)
041 _aeng
080 _a621.382 V-17
100 1 _aValdar, A. R.,
_98444
245 1 0 _aUnderstanding telecommunications networks /
_cAndy Valdar.
250 _a2nd edition.
264 4 _c2017.
_aLondon, United Kingdom :
_bThe Institution of Engineering and Technology,
300 _a383 pages :
_billustrations ;
_c24 cm
653 _aტელეკომუნიკაცია
653 _aსატელეკომუნიკაციო ქსელები
942 _2udc
_cBK